000 00371nam a2200121 4500
999 _c14342
_d14342
008 190912b ||||| |||| 00| 0 eng d
100 _939566
_aRegalado, Edith.
245 _aSara locked out of Facebook/
_cEdith Regalado.
260 _aPhilippines:
_bThe Philippine Star;
_cc2019.
300 _apage 3.
650 0 _939567
_aElectronic discussion groups.
942 _2ddc
_cPER